دليل الحاج الكامل في مناسك الحج و العمرة / (رقم التسجيلة. 92783)

تفاصيل مارك
000 -الفاتح
عناصر البيانات ثابتة الطول 00681cam a2200181 i 4500
005 - تاريخ ووقت آخر معاملة
حقل ضبط 20251210095314.0
008 - عناصر البيانات ثابتة الطول
عناصر البيانات ثابتة الطول 250721s9999 ua gr 000 0 ara d
082 14 - رقم تصنيف ديوي العشري
رقم التصنيف 216.25
رقم المادة ه لا
100 1# - مدخل رئيسي – اسم شخصي
الاسم الشخصي الهلاوي، محمد عبد العزيز
علاقة الشخص بالعمل/ دوره مؤلف.
245 10 - بيان العنوان
العنوان دليل الحاج الكامل في مناسك الحج و العمرة /
بيان المسؤولية محمد عبد العزيز الهلاوي.
264 31 - بيانات النشر، التوزيع…إلخ
مكان النشر، التوزيع...إلخ القاهرة :
اسم الناشر، الموزع...إلخ مكتبة القرآن للطبع و النشر و التوزيع،
300 ## - الوصف المادي
عدد الوحدات المكونة للوعاء 159 صفحه.
650 17 - مدخل إضافي بالموضوع - مصطلح موضوعي
مصطلح موضوعي أو اسم جغرافي كعنصر مدخل الفقه االإسلامي.
650 17 - مدخل إضافي بالموضوع - مصطلح موضوعي
مصطلح موضوعي أو اسم جغرافي كعنصر مدخل الحج.
650 17 - مدخل إضافي بالموضوع - مصطلح موضوعي
مصطلح موضوعي أو اسم جغرافي كعنصر مدخل العمرة.
942 ## - بيانات إضافية (كوها)
نوع التنصيف Dewey Decimal Classification
نوع المادة (كوها) كتب
المقتنيات
حالة السحب حالة الفقدان مصدر التصنيف حالة التلف غير قابل للإعارة المكتبة الرئيسية المكتبة الحالية موقع الرف تاريخ التزويد الرقم المتسلسل Total Checkouts رقم الإستدعاء الباركود تاريخ آخر ظهور تاريخ الفاتورة نوع المادة (كوها)
    Dewey Decimal Classification     المكتبة المركزية المكتبة المركزية الإعارة 28/07/2025 321138   216.25 / ه لا 321138 28/07/2025 28/07/2025 كتب
Implemented & Customized by: BBB with SCIT (Smart Chains for Information Technology)

Powered by Koha